000 00456nam a2200169Ia 4500
003 GCL
008 140319s9999 xx 000 0 ara d
040 _aGCL /
_cGCL
082 0 4 _a227
_bع ق
100 1 _aعبدالقادر حسين
245 1 0 _aقصار السور: نظرات وتأملات /
_cعبدالقادر حسين
300 _a260 ص
490 _aكتاب
_v0
650 0 4 _aسور وايات
650 0 4 _aالقران
942 _2ddc
_cBK
999 _c42662
_d42662